Welcome to the Holygrace Academy Library

Please use search bar below to get started

ILLUSTRATED CLASSIC STORIES (Record no. 6499)

MARC details
000 -LEADER
fixed length control field 00311nam a22001337a 4500
020 ## - INTERNATIONAL STANDARD BOOK NUMBER
ISBN 81-7478-114-5
082 ## - DEWEY DECIMAL CLASSIFICATION NUMBER
Classification number 823
Item number SUB/I
100 ## - MAIN ENTRY--AUTHOR NAME
Personal name SUBRAMANIAM, NEELA
245 ## - TITLE STATEMENT
Title ILLUSTRATED CLASSIC STORIES
260 ## - PUBLICATION, DISTRIBUTION, ETC. (IMPRINT)
Place of publication CHENNAI
Name of publisher YOUNG KIDS PRESS
Year of publication 144
520 ## - SUMMARY, ETC.
Summary, etc SHORT STORY
650 ## - SUBJECT ADDED ENTRY--TOPICAL TERM
Topical Term SHORT STORY
942 ## - ADDED ENTRY ELEMENTS (KOHA)
Koha item type Books
Holdings
Withdrawn status Lost status Collection code Home library Current library Shelving location Date acquired Source of acquisition Cost, normal purchase price Full call number Accession Number Koha item type
    Fiction Main Library Main Library SHELF 15-K-CHILDREN'S STORYBOOKS 19/04/2013 purchase 55.00 823 SUB/I 06516 Books